| 000 | 00667nam a2200205 a 4500 | ||
|---|---|---|---|
| 001 | 000017631 | ||
| 005 | 20240302073953.0 | ||
| 008 | 100329s1996 dr 000 0 spa d | ||
| 040 |
_aDO-SdBNP _bspa _cBNPHU |
||
| 082 |
_axxx _bF339 |
||
| 245 | 0 | 3 |
_aEl fenómeno Leonel / _cAulio Ortíz... [et al.]. |
| 250 | _a2a ed. | ||
| 260 |
_aSanto Domingo : _bCentro de Intelectuales Dominicanos (CID), _c1996. |
||
| 300 |
_a166 P. ; _c22 cm. |
||
| 504 | _aIncluye referencias bibliográficas y notas al pie de las páginas | ||
| 700 | 1 |
_aRosario Candelier, Bruno, _d1941- _9851 |
|
| 700 | 1 |
_aUreña, Arturo Emilio _931601 |
|
| 700 | 1 |
_aAybar, Argelia _938440 |
|
| 049 | _aBNPD | ||
| 999 |
_c17156 _d17156 |
||